Cost analysis in primary health care : (Record no. 405)

MARC details
000 -LEADER
fixed length control field 01438nam a2200397 a 4500
001 - CONTROL NUMBER
control field 2099186
003 - CONTROL NUMBER IDENTIFIER
control field OSt
005 - DATE AND TIME OF LATEST TRANSACTION
control field 20210217170252.0
008 - FIXED-LENGTH DATA ELEMENTS--GENERAL INFORMATION
fixed length control field 941205s1994 sz a b i001 0 eng d
010 ## - LIBRARY OF CONGRESS CONTROL NUMBER
LC control number 95202639
020 ## - INTERNATIONAL STANDARD BOOK NUMBER
International Standard Book Number 9241544708
035 ## - SYSTEM CONTROL NUMBER
System control number (OCoLC)31615423
040 ## - CATALOGING SOURCE
Original cataloging agency CoU-M
Transcribing agency CoU-M
Modifying agency SdB
-- KyU-M
-- DNLM
-- DLC
-- PHNSL
042 ## - AUTHENTICATION CODE
Authentication code lccopycat
050 00 - LIBRARY OF CONGRESS CALL NUMBER
Classification number RA410.5
Item number .C685 1994
060 00 - NATIONAL LIBRARY OF MEDICINE CALL NUMBER
Classification number 1995 D-543
060 10 - NATIONAL LIBRARY OF MEDICINE CALL NUMBER
Classification number W 74
082 00 - DEWEY DECIMAL CLASSIFICATION NUMBER
Classification number 362.1/068/1
Edition number 20
245 00 - TITLE STATEMENT
Title Cost analysis in primary health care :
Remainder of title a training manual for programme managers /
Statement of responsibility, etc. edited by Andrew Creese & David Parker.
260 ## - PUBLICATION, DISTRIBUTION, ETC.
Place of publication, distribution, etc. Geneva :
Name of publisher, distributor, etc. World Health Organization,
Date of publication, distribution, etc. 1994.
300 ## - PHYSICAL DESCRIPTION
Extent x, 147 p. :
Other physical details ill. ;
Dimensions 24 cm.
500 ## - GENERAL NOTE
General note "Published by the World Health Organization in collaboration with the United Nations Children's Fund and the Aga Khan Foundation"--Cover.
504 ## - BIBLIOGRAPHY, ETC. NOTE
Bibliography, etc. note Includes bibliographical references (p. 143) and index.
650 #0 - SUBJECT ADDED ENTRY--TOPICAL TERM
Topical term or geographic name entry element Medical care, Cost of.
650 #0 - SUBJECT ADDED ENTRY--TOPICAL TERM
Topical term or geographic name entry element Medical care
General subdivision Finance.
650 12 - SUBJECT ADDED ENTRY--TOPICAL TERM
Topical term or geographic name entry element Costs and Cost Analysis
General subdivision methods.
650 22 - SUBJECT ADDED ENTRY--TOPICAL TERM
Topical term or geographic name entry element Primary Health Care
General subdivision economics.
700 1# - ADDED ENTRY--PERSONAL NAME
Personal name Creese, Andrew L.
700 1# - ADDED ENTRY--PERSONAL NAME
Personal name Parker, David Alan.
710 2# - ADDED ENTRY--CORPORATE NAME
Corporate name or jurisdiction name as entry element World Health Organization.
710 2# - ADDED ENTRY--CORPORATE NAME
Corporate name or jurisdiction name as entry element UNICEF.
710 2# - ADDED ENTRY--CORPORATE NAME
Corporate name or jurisdiction name as entry element Aga Khan Foundation.
906 ## - LOCAL DATA ELEMENT F, LDF (RLIN)
a 7
b cbc
c copycat
d 3
e ncip
f 19
g y-gencatlg
942 ## - ADDED ENTRY ELEMENTS (KOHA)
Source of classification or shelving scheme Library of Congress Classification
Koha item type Books
Holdings
Withdrawn status Lost status Source of classification or shelving scheme Damaged status Not for loan Home library Current library Shelving location Date acquired Total Checkouts Full call number Barcode Date last seen Copy number Price effective from Koha item type Public note
    Library of Congress Classification     Public Health Nurses School Public Health Nurses School General Stacks 02/17/2021   RA410.5 C82 00494 02/17/2021 c.1 02/17/2021 Books soa 17/02/21
Copyright © 2025 PHNS Library. All Rights Reserved.